00934 a2200289 4500001000700000003000400007005001700011008004100028020001800069082002400087100001800111245009500129250001200224260002900236300002600265490003900291653002900330653004300359653002500402653003000427653004600457653003300503653001600536653003800552800002700590800002700617066213OSt20230506170009.0  a9781489985996 a332.01513bR66I2221 aRoman, Steven1 aIntroduction to the mathematics of finance : arbitrage and option pricingcby Steven Roman a2nd ed. aNew YorkbSpringerc2012 axvi, 287p.bPaperback aUndergraduate Texts in Mathematics aInvestments--Mathematics aOptions (Finance)--Mathematical models aBusiness mathematics aOptions (Finance)--Prices aPortfolio management--Mathematical models aCapital assets pricing model aMathematics aDistribution (Probability theory) aAxler, SheldoneEditor aRibet, KennetheEditor